Exploring psychology / (Record no. 70)

MARC details
000 -LEADER
fixed length control field 01403cam a2200265 a 4500
001 - CONTROL NUMBER
control field 13693577
005 - DATE AND TIME OF LATEST TRANSACTION
control field 20210414113842.0
008 - FIXED-LENGTH DATA ELEMENTS--GENERAL INFORMATION
fixed length control field 040820s2005 nyua b 001 0 eng
010 ## - LIBRARY OF CONGRESS CONTROL NUMBER
LC control number 2004557616
020 ## - INTERNATIONAL STANDARD BOOK NUMBER
International Standard Book Number 0716715449 (pbk.)
040 ## - CATALOGING SOURCE
Original cataloging agency DLC
Transcribing agency DLC
Modifying agency DLC
050 00 - LIBRARY OF CONGRESS CALL NUMBER
Classification number BF121.M935
082 00 - DEWEY DECIMAL CLASSIFICATION NUMBER
Classification number 150
Edition number 22
100 1# - MAIN ENTRY--PERSONAL NAME
Personal name Myers, David G.
245 10 - TITLE STATEMENT
Title Exploring psychology /
Statement of responsibility, etc. David G. Myers.
250 ## - EDITION STATEMENT
Edition statement 6th ed.
260 ## - PUBLICATION, DISTRIBUTION, ETC.
Place of publication, distribution, etc. New York, NY :
Name of publisher, distributor, etc. Worth Publishers,
Date of publication, distribution, etc. c2005.
300 ## - PHYSICAL DESCRIPTION
Extent 1 v. (various pagings) :
Other physical details ill. (some col.) ;
Dimensions 28 cm.
504 ## - BIBLIOGRAPHY, ETC. NOTE
Bibliography, etc. note Includes bibliographical references (p. R1-R67) and indexes.
505 ## - FORMATTED CONTENTS NOTE
Formatted contents note Contents: Preface -- Thinking critically with psychological science -- Neuroscience and behavior -- The Nature and nurture of behavior -- The Developing person -- Sensation and perception -- States of consciousness -- Learning -- Memory -- Thinking, language, and intelligence -- Motivation -- Emotions, stress, and health -- Personality -- Psychological disorders -- Therapy -- Social psychology -- Appendix A: Statistical reasoning in everyday life -- Appendix B: Psychology at work -- Appendix C: Answers to rehearse it and critical thinker's review questions -- Glossary.
650 #0 - SUBJECT ADDED ENTRY--TOPICAL TERM
Topical term or geographic name entry element Psychology.
906 ## - LOCAL DATA ELEMENT F, LDF (RLIN)
a 7
b cbc
c origcop
d 3
e ncip
f 20
g y-gencatlg
942 ## - ADDED ENTRY ELEMENTS (KOHA)
Source of classification or shelving scheme Library of Congress Classification
Koha item type Books
Holdings
Withdrawn status Lost status Source of classification or shelving scheme Damaged status Not for loan Home library Current library Shelving location Date acquired Total Checkouts Full call number Barcode Date last seen Price effective from Koha item type
    Library of Congress Classification     WISCONSIN INTERNATIONAL UNIVERSITY COLLEGE, GHANA - MAIN LIBRARY WISCONSIN INTERNATIONAL UNIVERSITY COLLEGE, GHANA - MAIN LIBRARY General Stacks 06/09/2011   BF121.M935 176/11 06/09/2011 06/09/2011 Books

If you have any concerns or questions; kindly contact the library


© Powered by WIUC ICT DIRECTORATE